[Event "DEM U12 2012"]
[Site "Oberhof GER"]
[Date "2012.05.30"]
[Round "6"]
[White "Hacklinger, Dilan"]
[Black "Möller, Hannah"]
[Result "0-1"]
[Termination "normal"]
[Board "46"]
[WhiteElo "1151"]
[BlackElo "1077"]
[PlyCount "86"]
[WhiteFideId "12952150"]
[BlackFideId "1270514"]
[EventCountry "GER"]
[EventRounds "11"]
[EventType "swiss"]
[EventDate "2012.05.26"]

1. c4 Nf6 2. g3 g6 3. Bg2 Bg7 4. Nc3 O-O 5. Nf3 c6 6. O-O d5 7. cxd5 cxd5 8. d4
Nc6 9. Ne1 Bf5 10. Nc2 Bxc2 11. Qxc2 Nxd4 12. Qd2 e5 13. e3 Nf5 14. Nxd5 Nxd5
15. Bxd5 Re8 16. Bxb7 Rb8 17. Bc6 Re7 18. Qxd8+ Rxd8 19. e4 Nd4 20. Bd5 Nc2 21.
Rb1 Nb4 22. Bb3 Rd4 23. Re1 Nd3 24. Re2 Nc5 25. Bd5 Rd1+ 26. Kg2 Nd3 27. Rc2
Ne1+ 28. Kh3 Nxc2 29. Bb3 Rc7 30. Kg4 h5+ 31. Kh3 g5 32. Ba4 Rf1 33. Bb3 Rxf2
34. Bxg5 Nd4 35. Bd5 Nf3 36. Rh1 Rcc2 37. g4 Nxg5+ 38. Kg3 Rf3+ 39. Kh4 Bf6 40.
h3 Nxh3+ 41. Kxh5 Nf4+ 42. Kh6 Rg2 43. Rc1 Rh3# 0-1

[Event "DEM U12 2012"]
[Site "Oberhof GER"]
[Date "2012.05.30"]
[Round "6"]
[White "Schumacher, Aaron"]
[Black "Kummer, Birte"]
[Result "0-1"]
[Termination "normal"]
[Board "47"]
[WhiteElo "1087"]
[BlackElo "963"]
[PlyCount "66"]
[WhiteFideId "12952184"]
[BlackFideId "12952214"]
[EventCountry "GER"]
[EventRounds "11"]
[EventType "swiss"]
[EventDate "2012.05.26"]

1. d4 d5 2. Bf4 Nf6 3. e3 c5 4. dxc5 Nc6 5. Nf3 e6 6. Nc3 Bxc5 7. Nb5 Bb6 8.
Nd6+ Ke7 9. Bd3 Bc7 10. Nb5 Bxf4 11. exf4 a6 12. Nbd4 Nxd4 13. Nxd4 Re8 14. O-O
Kf8 15. Re1 Qb6 16. Nb3 Kg8 17. Qe2 Bd7 18. Qe5 Ng4 19. Bxh7+ Kh8 20. Qh5 Nf6
21. Bg6+ Nxh5 22. Bxh5 g6 23. Bf3 Rac8 24. c3 Ba4 25. Bd1 Bxb3 26. Bxb3 Qc7 27.
g3 b5 28. a4 Qc5 29. axb5 axb5 30. Ra5 Ra8 31. Rxa8 Rxa8 32. Bc2 Ra2 33. b4
Qxc3 0-1

[Event "DEM U12 2012"]
[Site "Oberhof GER"]
[Date "2012.05.30"]
[Round "6"]
[White "Lohrmann, Tabea"]
[Black "Zimmer, Luca"]
[Result "1/2-1/2"]
[Termination "normal"]
[Board "48"]
[WhiteElo "1339"]
[BlackElo "1051"]
[PlyCount "44"]
[WhiteFideId "12911941"]
[BlackFideId "12921424"]
[EventCountry "GER"]
[EventRounds "11"]
[EventType "swiss"]
[EventDate "2012.05.26"]

1. e4 e6 2. d4 d5 3. Nd2 Nf6 4. Bd3 Nc6 5. Ngf3 Bb4 6. c3 Be7 7. Qe2 O-O 8. O-O
b6 9. Re1 Bb7 10. Nf1 Na5 11. Ng3 Re8 12. Bg5 dxe4 13. Nxe4 Nxe4 14. Bxe7 Qxe7
15. Bxe4 Bxe4 16. Qxe4 Nc4 17. b3 Nd6 18. Qf4 Rac8 19. Rad1 Nb5 20. Qe3 Na3 21.
Rd2 a5 22. Rde2 h6 1/2-1/2

[Event "DEM U12 2012"]
[Site "Oberhof GER"]
[Date "2012.05.30"]
[Round "6"]
[White "Friedrich, Laura"]
[Black "Frank, Kamila"]
[Result "0-1"]
[Termination "normal"]
[Board "49"]
[WhiteElo "840"]
[BlackElo "932"]
[PlyCount "102"]
[WhiteFideId "12952249"]
[BlackFideId "12952222"]
[EventCountry "GER"]
[EventRounds "11"]
[EventType "swiss"]
[EventDate "2012.05.26"]

1. e4 e5 2. Nf3 Nc6 3. Bb5 a6 4. Ba4 Nf6 5. Nc3 Be7 6. d4 b5 7. Bb3 d6 8. d5
Na5 9. O-O Nxb3 10. cxb3 c5 11. Ne2 Nxe4 12. Qd3 Nf6 13. Ng3 Bb7 14. Qf5 Bxd5
15. Be3 Be6 16. Qg5 O-O 17. Nf5 Bxf5 18. Qxf5 Qd7 19. Qg5 h6 20. Qh4 Qg4 21.
Qxg4 Nxg4 22. Bd2 e4 23. Ne1 Bf6 24. Rb1 Be5 25. Nc2 Nxh2 26. Rfc1 Ng4 27. g3
Bd4 28. Be3 Bxe3 29. Nxe3 Nxe3 30. fxe3 f5 31. Re1 g5 32. Rf1 Kg7 33. g4 fxg4
34. Rxf8 Rxf8 35. a4 h5 36. Kh2 Rf3 37. Rg1 Rxe3 38. axb5 axb5 39. Rg3 Rd3 40.
Rg2 Rxb3 41. Re2 d5 42. Rd2 d4 43. Re2 b4 44. Kg2 d3 45. Re1 Rxb2+ 46. Kf1 d2
47. Rd1 c4 48. Ke2 c3 49. Rg1 d1=Q+ 50. Kxd1 Rb1+ 51. Ke2 Rxg1 0-1